Znany polski Janusz - Statystyki

Ogólne statystyki
  • Ten quiz został rozwiązany 52 razy
  • Średni wynik to 9 z 16
Statystyki odpowiedzi
Obrazkowy Hint Odpowiedź % Poprawnych
współzałożyciel Unii Polityki Realnej, wielokrotny kandydat na prezydenta Janusz Korwin-Mikke
98%
w serialu "Czterej pancerni i pies" wcielił się w rolę Janka Kosa Janusz Gajos
86%
napisał powieść "Król Maciuś Pierwszy", zamordowany przez Niemców w Treblince Janusz Korczak
86%
aktor i satyryk, odtwórca roli Siary w "Kilerze" Juliusza Machulskiego Janusz Rewiński
84%
wokalista zespołu Lady Pank Janusz Panasewicz
77%
złoty medalista olimpijski w biegu na 10000 m, zamordowany przez Niemców w Palmirach Janusz Kusociński
70%
z reprezentacją olimpijską zdobył srebro na igrzyskach w Barcelonie Janusz Wójcik
63%
założył firmę Comarch, sponsorował Cracovię Janusz Filipiak
56%
reżyser filmu "Piłkarski poker" Janusz Zaorski
44%
hetman wielki litewski, podczas potopu szwedzkiego przeszedł na stronę Szwedów Janusz Radziwiłł
42%
rysownik, autor komiksu "Kajko i Kokosz" Janusz Christa
33%
grał Benedykta Korczyńskiego w filmie "Nad Niemnem", zginął w katastrofie smoleńskiej Janusz Zakrzeński
33%
reżyser filmu "C.K. Dezerterzy" Janusz Majewski
28%
srebrny medalista igrzysk w Melbourne, w 1956 roku pobił rekord świata w rzucie oszczepem Janusz Sidło
28%
w 1993 roku zastrzelił w RPA Chrisa Haniego, w grudniu 2024 wrócił do Polski Janusz Waluś
26%
pisarz science-fiction, autor "Limes inferior" i "Paradyzji" Janusz Zajdel
7%
Nie znaleziono quizów pasujących do podanych kryteriów
Rozkład punktacji
Procent ludzi z każdym wynikiem
Percentyl według liczby udzielonych odpowiedzi
Twoja historia wyników
Nie rozwiązałeś tego quizu